|
|
|
|
| LEADER |
00715nam a2200181Ia 4500 |
| 001 |
157516 |
| 008 |
170722s9999 xx 000 0 und d |
| 100 |
|
|
|a Kozhikkodan
|
| 245 |
|
|
|a M T yute cinemakal /
|
| 260 |
|
|
|a Kozhikode :
|b Mathrubhoomi books ,
|c 2007.
|
| 300 |
|
|
|a 184 p.
|
| 653 |
|
|
|a Cinema
|
| 653 |
|
|
|a Malayalam Literature
|
| 923 |
|
|
|d 20080901
|n 000116
|
| 942 |
|
|
|c GEN
|
| 999 |
|
|
|c 137368
|d 137368
|
| 952 |
|
|
|0 0
|1 0
|4 0
|6 O_322NW34GX_P7KRP71
|7 0
|8 KR
|9 194010
|a LIB
|b LIB
|d 2013-03-25
|e D C Books
|o O32,2(NW)34:gx P7(KR)-P7;1
|p 268137
|r 2017-08-12
|v 100.00
|w 2017-08-12
|y GEN
|
| 952 |
|
|
|0 0
|1 0
|4 0
|6 O_322NW34GX_P7KRP71
|7 0
|9 194011
|a LIB
|b LIB
|d 2013-03-25
|e D C Books
|o O32,2(NW)34:gx P7(KR)-P7;1
|p 268138
|r 2017-08-12
|v 100.00
|w 2017-08-12
|y GEN
|